Movies Quiz

Random Movies or Pixar Quiz

Pixar's Cars [Pictures] Quiz Stats

 Plays Quiz not verified by Sporcle

Score 0/27 Timer 05:00
0 Plays Today
# Character Name % Correct
1Lightning McQueen
95.7%
2Mater
92.8%
3Sally Carrera
85%
4Doc Hudson
85%
5Luigi
79.6%
9Mack
73.2%
13Flo
70.1%
14Strip 'The King' Weathers
69.9%
8Chick Hicks
69.5%
7Sheriff
68.3%
6Guido
66%
12Ramone
66%
15Red
66%
11Sarge
65%
# Character Name % Correct
10Fillmore
61.7%
19Fred
52.8%
17Lizzie
50.1%
18Frank
49.3%
24Tia
43.9%
25Mia
43.7%
23Darrell Cartrip
38.3%
16Stanley
38.1%
21Tex Dinoco
37.7%
20Mrs The King
37.1%
27Minny
34.6%
26Van
33%
22Bob Cutlass
25.6%

You're not logged in!

Compare scores with friends on all Sporcle quizzes.
Join for Free
OR
Log In

You Might Also Like...

Show Comments

Extras

Top Quizzes Today


Score Distribution

Your Account Isn't Verified!

In order to create a playlist on Sporcle, you need to verify the email address you used during registration. Go to your Sporcle Settings to finish the process.

Report this User

Report this user for behavior that violates our Community Guidelines.

Details: